| 000 | 00408nam a2200169Ia 4500 | ||
|---|---|---|---|
| 008 | 230524s9999 xx 000 0 und d | ||
| 082 |
_a384.5 _bXIA |
||
| 100 | _aXiaodong Wang | ||
| 245 | 0 | _aWireless Communication Systems | |
| 250 | _a2ND | ||
| 260 |
_aNEW DELHI _bPearson _c2004 |
||
| 300 | _a682 | ||
| 500 | _aQuantity Number: 2 | ||
| 650 | _aElectronics | ||
| 700 | _a H.Vincent Poor | ||
| 942 | _cBK | ||
| 999 |
_c26407 _d26407 |
||